000 00292nam a2200109Ia 4500
008 200302s9999 xx 000 0 und d
100 _aTony Hiss
245 _aBuilding Images : Seventy years of Photography at Hedrich Blessing
260 _bChronicle Books
260 _c2000
300 _a192 P.,
999 _c3838
_d3838